| Tag |
First Indicator |
Second Indicator |
Subfields |
| LEADER |
00000cam a2200000Ia 4500 |
| 001 |
in00002397656 |
| 005 |
20160220063840.0 |
| 008 |
080313s2007 coua b 000 0 eng d |
| 020 |
|
|
|a 9781583215777
|
| 020 |
|
|
|a 1583215778
|
| 035 |
|
|
|a (OCoLC)ocn182730372
|
| 035 |
|
|
|a (OCoLC)182730372
|
| 040 |
|
|
|a SKW
|c SKW
|d SKW
|d UAB
|d TXA
|d UtOrBLW
|
| 049 |
|
|
|a TXAM
|
| 050 |
1 |
4 |
|a TD427.C57
|b H4 2007
|
| 245 |
0 |
0 |
|a Hexavalent chromium removal using anion exchange and reduction with coagulation and filtration /
|c prepared by Michael J. McGuire [and others] ; sponsored by Awwa Research Foundation and City of Glendale Water and Power.
|
| 264 |
|
1 |
|a Denver, Colo. :
|b Awwa Research Foundation :
|b American Water Works Association ;
|a [London] :
|b IWA Publishing,
|c [2007]
|
| 264 |
|
4 |
|c ©2007
|
| 300 |
|
|
|a xxi, 113 pages :
|b illustrations ;
|c 28 cm.
|
| 336 |
|
|
|a text
|b txt
|2 rdacontent
|
| 337 |
|
|
|a unmediated
|b n
|2 rdamedia
|
| 338 |
|
|
|a volume
|b nc
|2 rdacarrier
|
| 500 |
|
|
|a "91193."--Spine.
|
| 504 |
|
|
|a Includes bibliographical references (pages 109-110).
|
| 505 |
0 |
|
|a 1. Introduction -- 2. Bench-scale testing -- 3. Mini-column evaluation -- 4. Pilot-scale evaluation -- 5. Residuals analysis -- 6. Cost estimates -- 7. Expert panel workshop -- 8. Summary and conclusions -- Appendix A. Conversion table -- Appendix B. Technology cost estimates, including capital cost summaries, capital cost details, and O&M costs.
|
| 650 |
|
0 |
|a Water
|x Purification
|x Chromium removal.
|
| 650 |
|
0 |
|a Water
|x Purification
|x Coagulation.
|
| 650 |
|
0 |
|a Water
|x Purification
|x Filtration.
|
| 700 |
1 |
|
|a McGuire, Michael J.,
|d 1947-
|
| 710 |
2 |
|
|a AWWA Research Foundation.
|
| 710 |
1 |
|
|a Glendale (Calif.).
|b Water and Power.
|
| 945 |
|
|
|a PromptCat
|b 442804
|
| 946 |
|
|
|a stk
|
| 947 |
|
|
|a A14836807306
|
| 994 |
|
|
|a C0
|b TXA
|
| 948 |
|
|
|a cataloged
|b h
|c 2008/7/29
|d c
|e nbehmer
|f 12:20:54 pm
|
| 999 |
|
|
|a MARS
|
| 999 |
f |
f |
|s b4e4dc6b-5c99-3262-a780-8e7c08e4506c
|i b19b7c42-7f7a-333c-93ba-0d27d3151e81
|t 0
|
| 952 |
f |
f |
|p ric
|a Texas A&M University
|b Rellis Campus
|c Joint Library Facility
|d Remote Storage
|t 0
|e TD427.C57 H4 2007
|h Library of Congress classification
|i unmediated -- volume
|m A14836807306
|
| 998 |
f |
f |
|a TD427.C57 H4 2007
|t 0
|l Remote Storage
|